হোমিওপ্যাথিক প্রসব চিকিৎসা বিজ্ঞান / (Record no. 54335)
[ view plain ]
| 000 -LEADER | |
|---|---|
| fixed length control field | 00884nam a2200229 a 4500 |
| 001 - CONTROL NUMBER | |
| control field | 54335 |
| 003 - CONTROL NUMBER IDENTIFIER | |
| rucl marc code | BD-RjUL |
| 005 - DATE AND TIME OF LATEST TRANSACTION | |
| control field | 20211209080115.0 |
| 008 - FIXED-LENGTH DATA ELEMENTS--GENERAL INFORMATION | |
| fixed length control field | 161106s2005 bg ||||| |||| 00| 0 ben d |
| 020 ## - INTERNATIONAL STANDARD BOOK NUMBER | |
| Terms of availability | : TK 200.00 |
| 035 ## - SYSTEM CONTROL NUMBER | |
| System control number | (BD-RjUL)54457 |
| 040 ## - CATALOGING SOURCE | |
| Original cataloging agency | BD-RjUL |
| Language of cataloging | ben |
| Transcribing agency | BD-RjUL |
| 041 ## - LANGUAGE CODE | |
| Language code of text/sound track or separate title | ben |
| 082 ## - DEWEY DECIMAL CLASSIFICATION NUMBER | |
| Edition number | 23 |
| Classification number | 615.532 |
| Author mark and year | RAH 2005 |
| 100 ## - MAIN ENTRY--PERSONAL NAME | |
| Personal name | রশিদ, খন্দকার আব্দুর |
| 9 (RLIN) | 162160 |
| 245 10 - TITLE STATEMENT | |
| Title | হোমিওপ্যাথিক প্রসব চিকিৎসা বিজ্ঞান / |
| Statement of responsibility, etc. | খন্দকার আব্দুর রশিদ |
| 260 ## - PUBLICATION, DISTRIBUTION, ETC. (IMPRINT) | |
| Place of publication, distribution, etc. | ঢাকা : |
| Name of publisher, distributor, etc. | তানভিরা তনু খন্দকার, |
| Date of publication, distribution, etc. | ২০০৫ |
| 300 ## - PHYSICAL DESCRIPTION | |
| Pagination | ১৪৩ পৃ. : |
| Illustrations | চিত্র ; |
| Size | ২১ সেমি. |
| 650 ## - SUBJECT ADDED ENTRY--TOPICAL TERM | |
| Topical term or geographic name as entry element | হোমিওপ্যাথি |
| 9 (RLIN) | 162161 |
| Topical term or geographic name as entry element | Homopathy |
| 9 (RLIN) | 162162 |
| 942 ## - ADDED ENTRY ELEMENTS (KOHA) | |
| Source of classification or shelving scheme | Dewey Decimal Classification |
| Koha item type | Books |
| Lost status | Source of classification or shelving scheme | Damaged status | Not for loan | Collection code | Permanent Location | Current Location | Shelving location | Date acquired | Source of acquisition | Cost, normal purchase price | Total Checkouts | Full call number | Date last seen | Copy number | Koha item type |
|---|---|---|---|---|---|---|---|---|---|---|---|---|---|---|---|
| Dewey Decimal Classification | Non-fiction | Central Library, University of Rajshahi | Central Library, University of Rajshahi | 04/11/2009 | RUCL | 200.00 | B 615.532 RAH 2005 | 06/11/2016 | C-2 | Books | |||||
| Dewey Decimal Classification | Not For Loan | Non-fiction | Central Library, University of Rajshahi | Central Library, University of Rajshahi | Reading Room | 04/11/2009 | Administrator, RUCL | 200.00 | B 615.532 RAH 2005 | 23/04/2017 | C-1 | Books |